| 000 | 00928nam a2200301Ia 4500 | ||
|---|---|---|---|
| 001 | Para_9257 | ||
| 003 | CHAP | ||
| 008 | 220125s2006 xx 000 0 und d | ||
| 010 | _a207996 | ||
| 040 | _cCHAP | ||
| 082 | _a632.7 B38 | ||
| 100 |
_aBautista Martínez, Nestor _910930 |
||
| 245 |
_aInsectos plaga : _b una guía ilustrada para su identificación / _c por Nestor Bautista Martínez |
||
| 260 |
_aMontecillos, Méx. : _b Colegio de Postgraduados |
||
| 300 | _a113 p. | ||
| 503 | _aC/e (ej.1) \ C/e (ej.2) \ C/e (ej.3) | ||
| 650 |
_aAgricultura _x plagas _91764 |
||
| 650 |
_aInsectos _x anatomía y fisiología _958891 |
||
| 650 |
_aInsectos _x identificación _958929 |
||
| 710 |
_aColegio de Postgraduados _925064 |
||
| 901 | _a632.7 B38 | ||
| 902 | _aM | ||
| 905 | _a0000002006 a 0000000000 00 | ||
| 910 | _a2006 | ||
| 942 | _cPARA | ||
| 942 |
_cPARA _d1 |
||
| 999 |
_c207996 _d207996 |
||